000 01136nam0a22002771 4500
001 rc\4210680
005 20130415195746.9
021 _aRU
_b[52-36679]
035 _a(NLR Aleph) 008208482
090 _a8081483
_c8081483
100 _a20130415d1952 |||y0rusy50 ca
101 0 _arus
102 _aRU
105 _ay z |||||
200 1 _aУчение И.П. Павлова и философские вопросы психологии
_eСборник статей
_f[Ред. коллегия: С.А. Петрушевский (отв. ред.) и др.]
_gАкад. наук СССР. Ин-т философии
210 _aМосква
_cИзд-во Акад. наук СССР
_d1952
215 _a476 с.
_d23
606 _aФизиология
_jСборники
_2psbo
606 _aПсихология
_jСборники
_2psbo
702 1 _aПетрушевский
_bС. А.
_gСтефан Антонович
_4340
712 0 2 _aИнститут философии
_cМосква
_3RU\NLR\AUTH\889955071
801 0 _aRU
_bNLR
_gpsbo
801 1 _aRU
_bELAR
_2rusmarc
852 _aNLR
_jАф02 Г-5/185
942 _cBOOK
980 _aNB